01197nam a22001577a 4500008004100000020001500041050002100056245009400077260007100171300001800242490009400260505051300354650004600867650006500913650006100978180609s2003 xxu||||| |||| 00| 0 spa d a970644291X aHQ1236.5M6bD47514aLos derechos de las mujeres y los niñosc / Comisión Nacional de los Derechos Humanos aMéxicob : Comisión Nacional de los Derechos Humanos c, 2003 a115 páginas aPrevención de la violencia, atención a grupos vulnerables y los derechos humanosv; 2 aIguales, pero no tan iguales Los derechos humanos de mujers y niñas Mujeres y políticas públicas en el cotexto actual Violencia contra las mujeres y derechoso humanos Las mujeres indigenas y los nuevos derechos humanos El derecho de la mujer a tener derechos Ciudadania y derechos de la mujer La mujer indigema oaxaqueña ante el nuevo milenio La niñez y la violencia Los derechos humanos comienzan desde la infancia Derechos y obligaciones de padres e hijos en el derecho consuetudinario indigena 10aDERECHOS DE LA MUJERvCONGRESOSzMÉXICO20aMUJERES INDIGENASvCONGRESOSxCONDICIONES SOCIALESzMÉXICO30aMUJERES INDIGENASvCONGRESOSxDERECHOS CIVILESzMÉXICO